| 000 | 00596ntaaa2200217 4500 | ||
|---|---|---|---|
| 003 | 01 | ||
| 005 | 20251027202833.0 | ||
| 008 | 0714s1973 ag 01 | ||
| 040 |
_aAR-BaBN _bspa _cAR-BaBN _eaacr _dRIC |
||
| 082 | _a268.6100 Sh6 | ||
| 100 |
_aShields, Elizabeth McE _94225 |
||
| 245 | _aGuiding kindergarten children in the church school | ||
| 250 | _a1 ed. | ||
| 260 |
_aRichmond, VA : _bJohn Knox Press, _cc1931, 1958 |
||
| 300 | _a174 p | ||
| 500 | _aA cooperative text | ||
| 650 |
_aeducación religiosa _94601 |
||
| 650 |
_apárvulos _93768 |
||
| 650 | _ajardín de infantes | ||
| 942 | _cBK | ||
| 999 |
_c23775 _d23775 |
||